| 000 | 01121nac a22003257a 4500 | ||
|---|---|---|---|
| 001 | BR8104064 | ||
| 003 | BR-BrBNA | ||
| 005 | 20240105115021.0 | ||
| 008 | 230509b bl.|||m| |||| 00| 0 por d | ||
| 040 |
_aBR-BrBNA _bpor _cBiblioteca Nacional de Agricultura |
||
| 072 | _aF00; E70; E15 | ||
| 090 | _a0312 BR8104064 | ||
| 100 | 1 | _aMadeira Neto, A. | |
| 110 | 1 | _aFundacao Centro de Pesquisas Economicas e Sociais do Piaui, Teresina (Brasil) | |
| 245 | 1 | _aEstudo socio-economico dos principais produtos do extrativismo vegetal do Piaui: Tucum [Palmeira oleaginosa; Astrocaryum vulgare; Pratica cultural; Preco; Brasil] | |
| 260 | 3 |
_aTeresina, PI (Brasil): _c1981. |
|
| 300 | _a64 p. | ||
| 490 |
_aRecursos Naturais - Fundacao Centro de Pesquisas Economicas e Sociais do Piaui (Brazil) _vno. 3 _x |
||
| 500 | _a14 tables | ||
| 650 | _aTUCUM | ||
| 650 | _aPALMEIRA OLEAGINOSA | ||
| 650 | _aPRATICA CULTURAL | ||
| 650 | _aPRECO | ||
| 650 | _aOFERTA | ||
| 650 | _aDEMANDA | ||
| 650 | _aSISTEMA DE PRODUCAO | ||
| 650 | _aPIAUI | ||
| 909 |
_a202312 _bLúcia Elande _c55 _dLúcia Elande |
||
| 942 |
_2AGRIS _n0 _cMS |
||
| 999 |
_c272580 _d272580 |
||